000 02094nam a2200433 i 4500
001 768714001
003 CO-MdFUSB
005 20250801105713.0
006 a|||||r|||| 00| 0
007 ta
007 ca au aacaa
008 190529s2018 ck a|||g |||| 00| 0 spa d
020 _a9789585802957
040 _aCO-MdFUSB
_bspa
_cCO-MdFUSB
_dCO-MdFUSBC
_erda
041 _aspa
082 _224
_aG 261
_bF288eco
240 _aWhat's in your hand?
245 0 0 _aDesarrollo de la microempresa
_c/ Adaptado por Stephen Rehner, con Christopher M. Hays, Isaura Espitia Zuñiga, July Paola Fernández Rojas, Ever Enrique Maestre Alvarado, Steban Andrés Villadiego Ramos.
264 1 _aMedellín, Colombia :
_bPublicaciones SBC,
_c℗[2018]
264 4 _c©2018
300 _a159 ;
_c28 cm. :
_bilustraciones ;
_eIncluye material acompañante (82 páginas).
336 _2rdacontent
_atexto
_btxt
337 _2rdamedia
_asin mediación
_bn
337 _2rdamedia
_ainformático
_bc
338 _2rdacarrier
_avolumen
_bnc
338 _2rdacarrier
_aremoto
_bcr
490 1 _aFe y desplazamiento
500 _aOriginalmente publicado en inglés bajo el título What's in your hand? y traducido al español bajo el titulo Desarrollo de la pequeña empresa: ¿que tienes en tu mano?
505 _tManual del facilitador:
_tCuadernillo del participante.
_aIntroducción -- ¿Qué puedo hacer? ¿Qué tengo en mi mano? -- ¿Qué estudios debo realizar? -- ¿Cuál es mi FODA? -- ¿Quiénes son mis clientes y quién me los puede quitar? -- ¿Cuáles son mis necesidades y deseos? -- ¿Cómo fijo precios? -- ¿Cómo voy a manejar mi negocio? -- ¿Por qué escribo un plan de negocios?
563 _aRústico
650 0 _91177
_aIglesia y problemas sociales
653 _aDesplazamiento -- Cristianismo -- Colombia.
720 _aAsesoría pedagógica: Saskia Alexandra Donner
830 _aFe y desplazamiento
_p: Economía
856 _uhttps://repositorio.repci.co/handle/123456789/298
942 _cBK
945 _aANF-558
_bAEM-53
999 _c65075
_d65075